000 00453cam a2200193ua 4500
041 _aeng
_h
082 _a828.09
_bWOO/CO
100 _aWoolf, Virgina .
245 _aCommon Reader /
_cVirgina Woolf.
_hTextual Documents
250 _a1 /
_b.
260 _aLondon :
_bThe Hogarth press ,
_c1959.
300 _a270 ; .
504 _a
942 _cBK
999 _c847
_d847